000 00533cam a2200205 4500
008 090401t1988 xxu||||| |||| 00| 0 eng d
020 _a0117301930
035 _a(Sirsi) u59980
041 _aeng
050 _a346.4104343
110 _aEngland and Wales
_bLaw Commission
_93302
245 _aPart II of the Landlord and Tenant Act 1954
260 _aLondon
_bHMSO
_c1988
300 _aviii,144p. ; 21cm.
350 _a5
490 _aWorking Paper
_v111
650 _aBUSINESS TENANCIES
942 _n0
948 _c04/03/1997
999 _c94189
_d94189